[Event "Astana Open GM-norm 2018"]
[Site "Astana"]
[Date "2018.06.25"]
[Round "9"]
[White "Dauletova, Gulmira"]
[Black "Kassimov, Baurzhan"]
[Result "1-0"]
[WhiteElo "2273"]
[BlackElo "2386"]
[Annotator "TA"]
[PlyCount "84"]
[EventDate "2018.06.17"]
[EventType "tourn"]
[EventCountry "KAZ"]
[SourceTitle "playchess.com"]
[Source "ChessBase"]
[SourceQuality "1"]

{[%evp 19,84,33,33,3,0,-16,42,30,21,25,31,27,36,-27,7,-29,-25,-34,-25,-36,-28,-35,-37,-35,-33,-39,-30,-31,-17,-32,-22,-3,-13,-20,0,0,0,0,0,0,0,0,0,0,0,0,0,0,0,0,0,0,91,91,252,246,465,465,458,458,458,458,458,291,904,879,649]} 1. e4 e5 2. Nf3 Nc6 3. Bb5 a6 4. Ba4 Nge7 5. c3 g6 6. d4 {C70: Ruy Lopez: 3...a6 4 Ba4, Norwegian and Delayed Schliemann} exd4 7. cxd4 b5 8. Bc2 Bg7 9. d5 Na5 10. O-O O-O {LiveBook: 54 Games} 11. Qe1 $146 ({Predecessor:} 11. Nbd2 d6 12. Rb1 c6 13. b4 Nb7 14. dxc6 Nxc6 15. Bb2 Bxb2 16. Rxb2 {0-1 (45) Bok,B (2598)-Grischuk,A (2737) Doha 2016}) 11... Nc4 12. Nbd2 Nxd2 (12... Nb6 $11) 13. Bxd2 (13. Qxd2 {looks sharper.} d6 14. a4 Bg4 15. Ng5 h6 16. h3) 13... Bxb2 14. Bc3 Bxc3 15. Qxc3 d6 16. Rfc1 (16. Bb3 $14) 16... Bd7 17. Nd4 c5 18. dxc6 Rc8 {[%cal Re7c6]} 19. Qa3 Nxc6 20. Qxd6 Nxd4 21. Qxd4 Be6 22. Qe3 Qd6 23. Bb3 Rfd8 24. h3 a5 25. Rxc8 Rxc8 26. Rd1 Qc5 27. Bxe6 Qxe3 {[#]} 28. Bxf7+ $1 {[%mdl 512]} Kxf7 29. fxe3 $11 {[%mdl 4096] Endgame KR-KR} Rc2 30. Rd5 Rxa2 {aiming for ...Rb2.} 31. Rxb5 a4 32. Rb7+ Kg8 $1 33. Ra7 a3 34. e5 h5 35. Kh2 Ra1 (35... h4 $11) 36. Kg3 $16 a2 $2 {[#]} (36... Ra2 $16 {was necessary.}) 37. Kh4 $1 $18 Re1 $2 (37... Rf1 38. Rxa2 Rf5) 38. Rxa2 Rxe3 39. Kg5 Kf7 40. Ra7+ Ke6 41. Ra6+ Kxe5 $2 (41... Ke7 42. Kf4 (42. Kxg6 Rxe5 43. g4 Re3 $18) 42... Re2 43. Rxg6 h4) 42. Rxg6 Kd5 {Precision: White = 57%, Black = 42%.} 1-0